Pratical research : planning and design

Bibliographic Details
Main Author: Leedy, Paul D
Other Authors: Ertmer, Peggy A, Newby, Timothy J
Format: Book
Language:English
Published: Upper Saddle New Jersey : Merrill , 1997
Edition:6th ed.
Subjects:

MARC

LEADER 00000cam a2200000 7i4500
001 0000022920
005 20101129.0
008 101129s njua eng
020 |a 0132414074 
040 |a INS 
090 0 0 |a Q180.55.M4   |b L44 1997 
100 1 |a Leedy, Paul D 
245 1 0 |a Pratical research :   |b planning and design   |c Paul D.Leedy ; with contributions by Timothy J.Newby and Peggy A.Ertmer 
250 |a 6th ed. 
260 |a Upper Saddle New Jersey :   |b Merrill ,   |c 1997 
300 |a xvi, 304p. :   |b ill. ;   |c 28cm. 
650 0 |a Research   |x Methodology 
700 1 |a Ertmer, Peggy A 
700 1 |a Newby, Timothy J 
999 |a 0000021644   |b BOOK   |c Open Shelf   |e Default branch